Overcoming drought : (Record no. 14857)

000 -LEADER
fixed length control field 00641cam a22002174a 4500
020 ## - INTERNATIONAL STANDARD BOOK NUMBER
ISBN 0821366645
020 ## - INTERNATIONAL STANDARD BOOK NUMBER
ISBN 0821366653 (ebook)
020 ## - INTERNATIONAL STANDARD BOOK NUMBER
ISBN 9780821366646
020 ## - INTERNATIONAL STANDARD BOOK NUMBER
ISBN 9780821366653
040 ## - CATALOGING SOURCE
Transcribing agency DLC
082 00 - DEWEY DECIMAL CLASSIFICATION NUMBER
Classification number 338 2006 WOR 2006 Or.
245 00 - TITLE STATEMENT
Title Overcoming drought :
Remainder of title adaptation strategies for Andhra Pradesh, India.
260 ## - PUBLICATION, DISTRIBUTION, ETC. (IMPRINT)
Place of publication Washington, DC :
Name of publisher World Bank,
Year of publication c2006.
300 ## - PHYSICAL DESCRIPTION
Number of Pages xxviii, 136 p. :
Other physical details ill., map ;
Dimensions 23 cm.
490 1# - SERIES STATEMENT
Series statement Directions in development
650 #0 - SUBJECT ADDED ENTRY--TOPICAL TERM
Topical Term Agriculture
650 #0 - SUBJECT ADDED ENTRY--TOPICAL TERM
Topical Term Droughts
710 2# - ADDED ENTRY--CORPORATE NAME
Corporate name or jurisdiction name as entry element World Bank.
856 41 - ELECTRONIC LOCATION AND ACCESS
Uniform Resource Identifier http://www.loc.gov/catdir/toc/fy0703/2006046556.html
942 ## - ADDED ENTRY ELEMENTS (KOHA)
Koha item type សៀវភៅភាសាអង់គ្លេស

No items available.

មជ្ឈមណ្ឌលឯការនៃសាកលវិទ្យាល័យភូមិន្ទកសិកម្មចំការដូង

Powered by Koha